<?xml version="1.0" encoding="UTF-8"?>
<record
    xmlns:xsi="http://www.w3.org/2001/XMLSchema-instance"
    xsi:schemaLocation="http://www.loc.gov/MARC21/slim http://www.loc.gov/standards/marcxml/schema/MARC21slim.xsd"
    xmlns="http://www.loc.gov/MARC21/slim">

  <leader>00302nam a2200133Ia 4500</leader>
  <controlfield tag="008">191201s2006    xx            000 0 und d</controlfield>
  <datafield tag="100" ind1=" " ind2=" ">
    <subfield code="a">PRATT,Terrance W</subfield>
  </datafield>
  <datafield tag="245" ind1=" " ind2="0">
    <subfield code="a">Programming Languages</subfield>
  </datafield>
  <datafield tag="250" ind1=" " ind2=" ">
    <subfield code="a">4th</subfield>
  </datafield>
  <datafield tag="260" ind1=" " ind2=" ">
    <subfield code="c">2006</subfield>
    <subfield code="b">pearson</subfield>
    <subfield code="a">New Delhi</subfield>
  </datafield>
  <datafield tag="300" ind1=" " ind2=" ">
    <subfield code="a">590</subfield>
  </datafield>
  <datafield tag="650" ind1=" " ind2=" ">
    <subfield code="a">MCA</subfield>
  </datafield>
  <datafield tag="942" ind1=" " ind2=" ">
    <subfield code="2">ddc</subfield>
    <subfield code="c">BB</subfield>
  </datafield>
  <datafield tag="999" ind1=" " ind2=" ">
    <subfield code="c">7619</subfield>
    <subfield code="d">7619</subfield>
  </datafield>
  <datafield tag="952" ind1=" " ind2=" ">
    <subfield code="0">0</subfield>
    <subfield code="1">0</subfield>
    <subfield code="2">ddc</subfield>
    <subfield code="4">0</subfield>
    <subfield code="7">0</subfield>
    <subfield code="8">MCA</subfield>
    <subfield code="a">PIET</subfield>
    <subfield code="b">PIET</subfield>
    <subfield code="d">2014-09-29</subfield>
    <subfield code="e">Orange Books International</subfield>
    <subfield code="g">625.00</subfield>
    <subfield code="k">4883</subfield>
    <subfield code="l">0</subfield>
    <subfield code="p">BB10919</subfield>
    <subfield code="r">2019-12-04 00:00:00</subfield>
    <subfield code="v">450.00</subfield>
    <subfield code="w">2014-09-29</subfield>
    <subfield code="y">BB</subfield>
  </datafield>
  <datafield tag="952" ind1=" " ind2=" ">
    <subfield code="0">0</subfield>
    <subfield code="1">0</subfield>
    <subfield code="2">ddc</subfield>
    <subfield code="4">0</subfield>
    <subfield code="7">0</subfield>
    <subfield code="8">MCA</subfield>
    <subfield code="a">PIET</subfield>
    <subfield code="b">PIET</subfield>
    <subfield code="d">2014-09-29</subfield>
    <subfield code="e">Orange Books International</subfield>
    <subfield code="g">625.00</subfield>
    <subfield code="k">4883</subfield>
    <subfield code="l">0</subfield>
    <subfield code="p">BB10921</subfield>
    <subfield code="r">2019-12-04 00:00:00</subfield>
    <subfield code="v">450.00</subfield>
    <subfield code="w">2014-09-29</subfield>
    <subfield code="y">BB</subfield>
  </datafield>
  <datafield tag="952" ind1=" " ind2=" ">
    <subfield code="0">0</subfield>
    <subfield code="1">0</subfield>
    <subfield code="2">ddc</subfield>
    <subfield code="4">0</subfield>
    <subfield code="7">0</subfield>
    <subfield code="8">MCA</subfield>
    <subfield code="a">PIET</subfield>
    <subfield code="b">PIET</subfield>
    <subfield code="d">2016-06-22</subfield>
    <subfield code="e">Orange Books International</subfield>
    <subfield code="g">625.00</subfield>
    <subfield code="k">TCM SONEPAT</subfield>
    <subfield code="l">0</subfield>
    <subfield code="p">BB12345</subfield>
    <subfield code="r">2019-12-04 00:00:00</subfield>
    <subfield code="v">450.00</subfield>
    <subfield code="w">2016-06-13</subfield>
    <subfield code="y">BB</subfield>
  </datafield>
  <datafield tag="952" ind1=" " ind2=" ">
    <subfield code="0">0</subfield>
    <subfield code="1">0</subfield>
    <subfield code="2">ddc</subfield>
    <subfield code="4">0</subfield>
    <subfield code="7">0</subfield>
    <subfield code="8">MCA</subfield>
    <subfield code="a">PIET</subfield>
    <subfield code="b">PIET</subfield>
    <subfield code="d">2016-06-22</subfield>
    <subfield code="e">Orange Books International</subfield>
    <subfield code="g">625.00</subfield>
    <subfield code="k">TCM SONEPAT</subfield>
    <subfield code="l">0</subfield>
    <subfield code="p">BB12365</subfield>
    <subfield code="r">2019-12-04 00:00:00</subfield>
    <subfield code="v">450.00</subfield>
    <subfield code="w">2016-06-13</subfield>
    <subfield code="y">BB</subfield>
  </datafield>
  <datafield tag="952" ind1=" " ind2=" ">
    <subfield code="0">0</subfield>
    <subfield code="1">0</subfield>
    <subfield code="2">ddc</subfield>
    <subfield code="4">0</subfield>
    <subfield code="7">0</subfield>
    <subfield code="8">MCA</subfield>
    <subfield code="a">PIET</subfield>
    <subfield code="b">PIET</subfield>
    <subfield code="d">2021-01-30</subfield>
    <subfield code="e">Orange Books International</subfield>
    <subfield code="f">Indian Rup</subfield>
    <subfield code="g">625.00</subfield>
    <subfield code="k">4883</subfield>
    <subfield code="l">0</subfield>
    <subfield code="p">BB10917</subfield>
    <subfield code="r">2021-01-30 00:00:00</subfield>
    <subfield code="w">2014-09-14</subfield>
    <subfield code="y">BB</subfield>
  </datafield>
  <datafield tag="952" ind1=" " ind2=" ">
    <subfield code="0">0</subfield>
    <subfield code="1">0</subfield>
    <subfield code="2">ddc</subfield>
    <subfield code="4">0</subfield>
    <subfield code="7">0</subfield>
    <subfield code="8">MCA</subfield>
    <subfield code="a">PIET</subfield>
    <subfield code="b">PIET</subfield>
    <subfield code="d">2021-01-30</subfield>
    <subfield code="e">Orange Books International</subfield>
    <subfield code="f">Indian Rup</subfield>
    <subfield code="g">625.00</subfield>
    <subfield code="k">4883</subfield>
    <subfield code="l">0</subfield>
    <subfield code="p">BB10918</subfield>
    <subfield code="r">2021-01-30 00:00:00</subfield>
    <subfield code="w">2014-09-14</subfield>
    <subfield code="y">BB</subfield>
  </datafield>
  <datafield tag="952" ind1=" " ind2=" ">
    <subfield code="0">0</subfield>
    <subfield code="1">0</subfield>
    <subfield code="2">ddc</subfield>
    <subfield code="4">0</subfield>
    <subfield code="7">0</subfield>
    <subfield code="8">MCA</subfield>
    <subfield code="a">PIET</subfield>
    <subfield code="b">PIET</subfield>
    <subfield code="d">2021-01-30</subfield>
    <subfield code="e">Orange Books International</subfield>
    <subfield code="f">Indian Rup</subfield>
    <subfield code="g">625.00</subfield>
    <subfield code="k">4883</subfield>
    <subfield code="l">0</subfield>
    <subfield code="p">BB10920</subfield>
    <subfield code="r">2021-01-30 00:00:00</subfield>
    <subfield code="w">2014-09-14</subfield>
    <subfield code="y">BB</subfield>
  </datafield>
  <datafield tag="952" ind1=" " ind2=" ">
    <subfield code="0">0</subfield>
    <subfield code="1">0</subfield>
    <subfield code="2">ddc</subfield>
    <subfield code="4">0</subfield>
    <subfield code="7">0</subfield>
    <subfield code="8">MCA</subfield>
    <subfield code="a">PIET</subfield>
    <subfield code="b">PIET</subfield>
    <subfield code="d">2021-01-30</subfield>
    <subfield code="e">Orange Books International</subfield>
    <subfield code="f">Indian Rup</subfield>
    <subfield code="g">625.00</subfield>
    <subfield code="k">4883</subfield>
    <subfield code="l">0</subfield>
    <subfield code="p">BB10922</subfield>
    <subfield code="r">2021-01-30 00:00:00</subfield>
    <subfield code="w">2014-09-14</subfield>
    <subfield code="y">BB</subfield>
  </datafield>
  <datafield tag="952" ind1=" " ind2=" ">
    <subfield code="0">0</subfield>
    <subfield code="1">0</subfield>
    <subfield code="2">ddc</subfield>
    <subfield code="4">0</subfield>
    <subfield code="7">0</subfield>
    <subfield code="8">MCA</subfield>
    <subfield code="a">PIET</subfield>
    <subfield code="b">PIET</subfield>
    <subfield code="d">2021-01-30</subfield>
    <subfield code="e">Orange Books International</subfield>
    <subfield code="f">Indian Rup</subfield>
    <subfield code="g">625.00</subfield>
    <subfield code="k">4883</subfield>
    <subfield code="l">0</subfield>
    <subfield code="p">BB10923</subfield>
    <subfield code="r">2021-01-30 00:00:00</subfield>
    <subfield code="w">2014-09-14</subfield>
    <subfield code="y">BB</subfield>
  </datafield>
</record>
